| 000 | 01071nam0a2200301 4500 | ||
|---|---|---|---|
| 001 | RU\NLR\bibl\468937 | ||
| 005 | 20260409074608.0 | ||
| 010 |
_a5-7805-0581-0 _925000 |
||
| 021 |
_aRU _b2003-57749 _92824 |
||
| 035 | _a(NLR Aleph) 000462222 | ||
| 090 |
_a941168 _c941168 |
||
| 100 | _a20031204d2003 u y0rusy50 ca | ||
| 101 | 0 | _arus | |
| 102 | _aRU | ||
| 105 | _ay ||||||||| | ||
| 200 | 1 |
_aПоздравления на все случаи жизни _e[Юбилеи, дни рождения, христиан. праздники, именины] _fЛюбовь Чубарова |
|
| 210 |
_aМ. _cАСТ-Пресс кн. _d2003 |
||
| 215 |
_a399 с. _d22 |
||
| 225 | 1 | _a1000 советов | |
| 300 | _aНа обл. авт. не указан | ||
| 606 |
_aПоздравления (этногр.) _3RU\NLR\auth\661309820 _92177868 |
||
| 686 | _aТ52(2=Р)-524.1 | ||
| 700 | 1 |
_aЧубарова _bЛ. Е. _gЛюбовь Евгеньевна _4070 |
|
| 801 | 0 |
_aRU _bNLR _c20031204 _gPSBO |
|
| 801 | 1 |
_aRU _bNLR _c20031204 |
|
| 942 | _cBOOK | ||
| 980 | _aNB | ||